000 00332nam a2200109Ia 4500
008 171211s9999 xx 000 0 und d
245 _aCities of the United States, 6th edition
245 _cGale / Cengage Learning
260 _c2008
650 _xEncyclopedia and Dictionary
856 _uhttp://down.ebook777.com/065/0787696293.pdf
999 _c350137
_d350137